Estadísticas para Países más cercanos a Estonia

Haz click aquí para intentar la prueba.

Estadísticas generales

  • Esta prueba ha sido intentada 49 veces
  • La puntuación promedio es 19 de 20

Estadísticas de respuestas

kmpaís% Correcto
636Alemania
100%
157Bielorrusia
100%
47Finlandia
100%
0Letonia
100%
152Lituania
100%
396Polonia
100%
0Rusia
100%
150Suecia
100%
622Ucrania
100%
554Noruega
98%
890Chequia
96%
939Eslovaquia
93%
1041Hungría
93%
523Dinamarca
91%
1288Eslovenia
87%
1030Rumania
87%
1076Austria
84%
1013Moldavia
84%
1283Bélgica
82%
1067Países Bajos
82%

Distribución de puntuación

Porcentaje por número respondido

Porcentaje de gente con cada puntuación

Historial de tus puntuaciones

No has intentado esta prueba.